000 00556nam a2200217Ia 4500
003 OSt
005 20220926042919.0
006 a|||||r|||| 00| 0
007 ta
008 220923b |||||||| |||| 00| 0 eng d
037 _cGeneral Book
040 _aRTL
_cRTL
_beng
041 _2eng
_aeng
082 _aS:455, K5
100 _aYeck John D
_9320595
245 0 _aHow to get profitable ideas for creative problem
260 _c1965
650 _aPsychology
942 _hS:455, K5
_cGB
_2CC
999 _c670915
_d670915